Handbook of labor economics
Sábháilte in:
| Príomhchruthaitheoirí: | , |
|---|---|
| Formáid: | LEABHAR |
| Teanga: | Béarla |
| Foilsithe / Cruthaithe: |
Amsterdam
Elsevier Science
1986
|
| Eagrán: | 1a. ed |
| Sraith: | Handbooks in Economics, 5
|
| Ábhair: | |
| Clibeanna: |
Cuir clib leis
Níl clibeanna ann, Bí ar an gcéad duine le clib a chur leis an taifead seo!
|
MARC
| LEADER | 00000nam a2200000 a 4500 | ||
|---|---|---|---|
| 001 | UCK2109 | ||
| 003 | CL-VaPUC | ||
| 008 | 041217e19860000NE |||||||||||||||||eng|d | ||
| 020 | |a 0444878564v.1 | ||
| 082 | 0 | 4 | |a 331 |b ASH |2 21 |
| 100 | 0 | |a Ashenfelter, Orley |e author |9 489947 | |
| 700 | 0 | |a Layard, Richard |e author |9 489948 | |
| 245 | 1 | 0 | |a Handbook of labor economics |
| 250 | |a 1a. ed | ||
| 300 | |a v | ||
| 942 | |c BK | ||
| 945 | |d 20041217 00:00:00 |a cmena | ||
| 260 | |a Amsterdam |b Elsevier Science |c 1986 | ||
| 650 | 0 | |a Economía laboral |9 358958 | |
| 650 | 0 | |a Mercado laboral |9 375911 | |
| 650 | 0 | |a Modelos económicos |9 324997 | |
| 583 | |a last modification |c 20041217 00:00:00 |k Rodrigo Vera | ||
| 490 | 0 | |a Handbooks in Economics, 5 | |
| 999 | |c 311769 |d 311767 | ||
| 952 | |0 0 |1 2 |2 ddc |4 0 |6 331_000000000000000_ASH_1986 |7 0 |8 A |9 381395 |a BIBENE |b BIBENE |d 2019-11-21 |h v.1 |i 4087585 |o 331 ASH 1986 |p 4087585 |r 2019-11-21 |w 2019-11-21 |y BK |k ICO | ||